Statistics for Countries ending in STAN

Click here to take the quiz!

General Stats

  • This quiz has been taken 25 times
  • The average score is 6 of 7

Answer Stats

Answer% Correct
Afghanistan
100%
Kazakhstan
95%
Pakistan
95%
Turkmenistan
90%
Uzbekistan
90%
Kyrgyzstan
85%
Tajikistan
85%

Score Distribution

Percentile by Number Answered

Percent of People with Each Score

Your Score History

You have not taken this quiz